000
00276nam a2200133Ia 4500
100
_a
Socha/J.& others
942
_c
BK
654
_a
Dos 6 handbook
245
_a
Dos 6 handbook
260
_b
Galgotia
_a
New Delhi
_c
1994
300
_a
1030
546
_a
ENGLISH
999
_c
20722
_d
20722